000 00380pab a2200145 454500
008 180718b1998 xxu||||| |||| 00| 0 eng d
100 _aRaipuria, Kalyan
245 _aForeign trade eludes economic crystal ballgazers
260 _c1998
300 _ap.2308-320
362 _a29 Aug
650 _aInternational trade
773 _aEconomic and Political Weekly
909 _a38731
999 _c38731
_d38731